000 00464nam a2200205Ia 4500
003 OSt
005 20220924133724.0
006 a|||||r|||| 00| 0
007 ta
008 220923b |||||||| |||| 00| 0 snd d
024 _a268312
037 _cTextual
040 _aARTS
_cARTS
_bsnd
041 _2snd
_asnd
082 _aO1593:3x, L0
245 0 _aBekhof
260 _c1970
942 _hO1593:3x, L0
_cTEXL
_2CC
999 _c434944
_d434944